| 000 | 00735nam a2200193 i 4500 | ||
|---|---|---|---|
| 001 | 87564 | ||
| 003 | ES-MaACL | ||
| 005 | 20251114102519.0 | ||
| 007 | t| | ||
| 008 | 041222s1973 sp ||||1| spa d | ||
| 100 | 1 |
_aLabasse, Jean. _969219 |
|
| 245 | 1 | 3 |
_aLa organización del espacio _b: elementos de geografía aplicada / _cJean Labasse ; [traducción Amalia Alvarez Fraile ; revisión y prólogo José Manuel Casas Torres]. |
| 260 |
_aMadrid : _bInstituto de Estudios de Administración Local, _c[1973] |
||
| 300 |
_a752 p., 2 lám. : _bil. ; _c25 cm. |
||
| 700 | 1 |
_aAlvarez Fraile, Amalia. _920810 |
|
| 700 | 1 |
_aCasas Torres, José Manuel, _d1916-2010 _936236 |
|
| 852 |
_aES-MaACL _jC-50775 _bR.85183 |
||
| 999 |
_c87564 _d87564 |
||